[Event "DSJ Weihnachtsturnier U20 2020"]
[Site "https://play.chessbase.com/en/play?room=DSJWeihnachtU20"]
[Date "2020.12.29"]
[Round "3"]
[White "Haufe, Laurin"]
[Black "Colbow, Collin"]
[Result "0-1"]
[Termination "normal"]
[Board "2.3"]
[BlackTitle "FM"]
[WhiteElo "2052"]
[BlackElo "2339"]
[WhiteTeam "Schachgemeinschaft Leipzig"]
[BlackTeam "SV Werder Bremen"]
[PlyCount "38"]
[WhiteFideId "12976504"]
[BlackFideId "16201132"]
[EventRounds "7"]
[EventType "team-swiss"]
[EventDate "2020.12.29"]

1. e4 {[%emt 0:00:03]} c5 {[%emt 0:00:02]} 2. Nf3 {[%emt 0:00:01]} d6 {[%emt
0:00:01]} 3. d4 {[%emt 0:00:01]} cxd4 {[%emt 0:00:00]} 4. Nxd4 {[%emt 0:00:00]}
Nf6 {[%emt 0:00:01]} 5. Nc3 {[%emt 0:00:01]} Nc6 {[%emt 0:00:00]} 6. Nb3 {
[%emt 0:00:03]} e6 {[%emt 0:00:57]} 7. Be3 {[%emt 0:00:07]} Be7 {[%emt 0:00:07]
} 8. Be2 {[%emt 0:00:10]} a6 {[%emt 0:00:02]} 9. f3 {[%emt 0:00:20]} b5 { [%emt
0:00:11]} 10. Qd2 {[%emt 0:00:20]} Bb7 {[%emt 0:00:10]} 11. g4 {[%emt 0:00:27]}
Qc7 {[%emt 0:00:16]} 12. O-O-O {[%emt 0:00:04]} Ne5 {[%emt 0:00:17]} 13. g5
{[%emt 0:00:22]} Nfd7 {[%emt 0:00:05]} 14. Rhf1 {[%emt 0:00:25]} Nb6 { [%emt
0:01:50]} 15. Na5 {[%emt 0:00:30]} Nbc4 {[%emt 0:00:16]} 16. Nxc4 { [%emt
0:00:22]} Nxc4 {[%emt 0:00:00]} 17. Bxc4 {[%emt 0:00:02]} Qxc4 {[%emt 0:00:00]}
18. f4 {[%emt 0:00:41]} b4 {[%emt 0:00:26]} 19. Na4 {[%emt 0:00:30]} Qxe4
{[%emt 0:02:19] SGLeipz1-003 reconnected. Zeit} 0-1

[Event "DSJ Weihnachtsturnier U20 2020"]
[Site "https://play.chessbase.com/en/play?room=DSJWeihnachtU20"]
[Date "2020.12.29"]
[Round "3"]
[White "Helms, Finn"]
[Black "Knüpfer, Tim"]
[Result "1/2-1/2"]
[Termination "normal"]
[Board "2.4"]
[WhiteElo "1934"]
[BlackElo "1885"]
[WhiteTeam "SV Werder Bremen"]
[BlackTeam "Schachgemeinschaft Leipzig"]
[PlyCount "105"]
[WhiteFideId "16249143"]
[BlackFideId "16217489"]
[EventRounds "7"]
[EventType "team-swiss"]
[EventDate "2020.12.29"]

1. e4 {[%emt 0:00:13]} c5 {[%emt 0:00:02]} 2. Nf3 {[%emt 0:00:02]} d6 {[%emt
0:00:01]} 3. d4 {[%emt 0:00:01]} cxd4 {[%emt 0:00:01]} 4. Nxd4 {[%emt 0:00:00]}
Nf6 {[%emt 0:00:01]} 5. Nc3 {[%emt 0:00:02]} g6 {[%emt 0:00:01]} 6. f3 { [%emt
0:00:06]} Bg7 {[%emt 0:00:01]} 7. Be3 {[%emt 0:00:01]} O-O {[%emt 0:00:01]} 8.
Qd2 {[%emt 0:00:02]} Nc6 {[%emt 0:00:01]} 9. O-O-O {[%emt 0:00:03]} Nxd4 {[%emt
0:00:01]} 10. Bxd4 {[%emt 0:00:01]} Be6 {[%emt 0:00:01]} 11. g4 { [%emt
0:00:02]} Qa5 {[%emt 0:00:02]} 12. Kb1 {[%emt 0:00:05]} Rfc8 {[%emt 0:00:01]}
13. h4 {[%emt 0:00:19]} Rab8 {[%emt 0:00:02]} 14. h5 {[%emt 0:00:21]} Rxc3
{[%emt 0:03:02]} 15. Qxc3 {[%emt 0:00:14]} Qxa2+ {[%emt 0:00:03]} 16. Kc1 {
[%emt 0:00:02]} Bxg4 {[%emt 0:01:30]} 17. fxg4 {[%emt 0:00:21]} Bh6+ {[%emt
0:00:45]} 18. Be3 {[%emt 0:00:23]} Qa1+ {[%emt 0:00:08]} 19. Kd2 {[%emt
0:00:03]} Nxe4+ {[%emt 0:00:01]} 20. Kd3 {[%emt 0:00:06]} Qxd1+ {[%emt
0:00:03]} 21. Kxe4 {[%emt 0:00:01]} Qxg4+ {[%emt 0:00:13]} 22. Kd3 {[%emt
0:00:05]} Bxe3 {[%emt 0:00:41]} 23. Kxe3 {[%emt 0:00:04]} Rc8 {[%emt 0:00:02]}
24. Qd4 {[%emt 0:01:07]} Qg5+ {[%emt 0:01:10]} 25. Kd3 {[%emt 0:00:27]} e5
{[%emt 0:00:03]} 26. Qf2 { [%emt 0:01:01]} d5 {[%emt 0:00:30]} 27. hxg6 {[%emt
0:00:23]} e4+ {[%emt 0:00:05]} 28. Kd4 {[%emt 0:00:07]} hxg6 {[%emt 0:00:25]}
29. c3 {[%emt 0:01:18]} Qe7 {[%emt 0:00:29]} 30. Qh2 {[%emt 0:01:26]} Qf6+
{[%emt 0:00:53]} 31. Ke3 { [%emt 0:00:04]} Qg7 {[%emt 0:00:13]} 32. Qh3 {[%emt
0:00:23]} f5 {[%emt 0:00:01]} 33. Be2 {[%emt 0:00:30]} Rf8 {[%emt 0:00:01]} 34.
Kd2 {[%emt 0:00:05]} Rf6 {[%emt 0:00:16]} 35. Rf1 {[%emt 0:00:17]} Rd6 {[%emt
0:00:02]} 36. Qg3 { [%emt 0:00:12]} Qf6 {[%emt 0:00:03]} 37. Rh1 {[%emt
0:00:22]} d4 {[%emt 0:00:02]} 38. Kc1 {[%emt 0:00:12]} dxc3 {[%emt 0:00:01]}
39. bxc3 {[%emt 0:00:05]} a6 {[%emt 0:00:09]} 40. Qh2 {[%emt 0:00:03]} Qg7
{[%emt 0:00:02]} 41. Qxd6 { [%emt 0:00:02]} Qxc3+ {[%emt 0:00:01]} 42. Kd1
{[%emt 0:00:01]} Qa1+ {[%emt 0:00:02]} 43. Kd2 {[%emt 0:00:04]} Qxh1 {[%emt
0:00:01]} 44. Qd8+ {[%emt 0:00:01] } Kg7 {[%emt 0:00:01]} 45. Qe7+ {[%emt
0:00:01]} Kh6 {[%emt 0:00:04]} 46. Qf8+ {[%emt 0:00:03]} Kg5 {[%emt 0:00:04]}
47. Qe7+ {[%emt 0:00:03]} Kf4 {[%emt 0:00:02]} 48. Qd6+ {[%emt 0:00:02]} Kg5
{[%emt 0:00:01]} 49. Qe7+ {[%emt 0:00:01] } Kf4 {[%emt 0:00:01]} 50. Qc7+
{[%emt 0:00:02]} Kg5 {[%emt 0:00:01]} 51. Qd8+ {[%emt 0:00:02]} Kf4 {[%emt
0:00:02]} 52. Qd6+ {[%emt 0:00:01]} Kg5 {[%emt 0:00:01]} 53. Qe7+ {[%emt
0:00:01]} 1/2-1/2

[Event "DSJ Weihnachtsturnier U20 2020"]
[Site "https://play.chessbase.com/en/play?room=DSJWeihnachtU20"]
[Date "2020.12.29"]
[Round "3"]
[White "Suvorov, Alexander"]
[Black "Joeres, Stefan"]
[Result "1-0"]
[Termination "normal"]
[Board "3.1"]
[WhiteTitle "FM"]
[WhiteElo "2353"]
[BlackElo "2176"]
[WhiteTeam "Schachgemeinschaft Porz"]
[BlackTeam "Karlsruher SF 1853"]
[PlyCount "75"]
[WhiteFideId "12977063"]
[BlackFideId "12983160"]
[EventRounds "7"]
[EventType "team-swiss"]
[EventDate "2020.12.29"]

1. d4 {[%emt 0:00:05]} d5 {[%emt 0:00:04]} 2. c4 {[%emt 0:00:02]} dxc4 { [%emt
0:00:01]} 3. Nf3 {[%emt 0:00:04]} Nf6 {[%emt 0:00:02]} 4. e3 {[%emt 0:00:01]}
e6 {[%emt 0:00:03]} 5. Bxc4 {[%emt 0:00:02]} c5 {[%emt 0:00:04]} 6. O-O { [%emt
0:00:03]} a6 {[%emt 0:00:05]} 7. a4 {[%emt 0:00:02]} Nc6 {[%emt 0:00:03]} 8.
Qe2 {[%emt 0:00:01]} Be7 {[%emt 0:00:05]} 9. Rd1 {[%emt 0:00:01]} Qc7 { [%emt
0:00:01]} 10. b3 {[%emt 0:00:42]} O-O {[%emt 0:00:14]} 11. Bb2 {[%emt 0:00:05]}
cxd4 {[%emt 0:00:04]} 12. exd4 {[%emt 0:00:06]} Nb4 {[%emt 0:00:05]} 13. Nc3
{[%emt 0:00:09]} Nbd5 {[%emt 0:00:33]} 14. Rac1 {[%emt 0:00:08]} Qd8 { [%emt
0:00:08]} 15. Ne5 {[%emt 0:00:10]} Nxc3 {[%emt 0:00:15]} 16. Rxc3 { [%emt
0:00:22]} Nd5 {[%emt 0:00:25]} 17. Rg3 {[%emt 0:00:16]} Bf6 {[%emt 0:00:11]}
18. Qg4 {[%emt 0:00:00]} g6 {[%emt 0:00:08]} 19. Qf3 {[%emt 0:00:23]} Bg7
{[%emt 0:00:26]} 20. Rh3 {[%emt 0:00:52]} b5 {[%emt 0:00:09]} 21. axb5 { [%emt
0:00:09]} axb5 {[%emt 0:00:00]} 22. Bxb5 {[%emt 0:00:02]} Bb7 {[%emt 0:00:01]}
23. Bc6 {[%emt 0:00:19]} Bxc6 {[%emt 0:00:14]} 24. Nxc6 {[%emt 0:00:00] } Qd6
{[%emt 0:00:05]} 25. Ne5 {[%emt 0:00:11]} Ra2 {[%emt 0:00:03]} 26. Nc4 { [%emt
0:00:25]} Qf4 {[%emt 0:00:28]} 27. Qxf4 {[%emt 0:00:16]} Nxf4 {[%emt 0:00:00]}
28. Rf3 {[%emt 0:00:10]} Nd5 {[%emt 0:00:04]} 29. Ra1 {[%emt 0:00:20]} Rfa8
{[%emt 0:02:27]} 30. Rxa2 {[%emt 0:00:33]} Rxa2 {[%emt 0:00:00]} 31. g3 { [%emt
0:00:01]} Nb4 {[%emt 0:00:18]} 32. Bc3 {[%emt 0:01:01]} Nd5 {[%emt 0:00:15]}
33. Bb2 {[%emt 0:00:28]} Nb4 {[%emt 0:00:03]} 34. h4 {[%emt 0:00:30]} h5 {
[%emt 0:02:01]} 35. Kf1 {[%emt 0:00:07]} Nc6 {[%emt 0:00:32]} 36. Rd3 {[%emt
0:00:04]} Na5 {[%emt 0:00:01]} 37. Nxa5 {[%emt 0:00:26]} Ra3 {[%emt 0:00:04]}
38. Bxa3 {[%emt 0:00:02] Karlsru1-001 gibt auf} 1-0

[Event "DSJ Weihnachtsturnier U20 2020"]
[Site "https://play.chessbase.com/en/play?room=DSJWeihnachtU20"]
[Date "2020.12.29"]
[Round "3"]
[White "Koll, Lukas"]
[Black "Suvorov, Luca"]
[Result "1/2-1/2"]
[Termination "normal"]
[Board "3.2"]
[BlackTitle "FM"]
[WhiteElo "2049"]
[BlackElo "2279"]
[WhiteTeam "Karlsruher SF 1853"]
[BlackTeam "Schachgemeinschaft Porz"]
[PlyCount "74"]
[WhiteFideId "12969737"]
[BlackFideId "12977071"]
[EventRounds "7"]
[EventType "team-swiss"]
[EventDate "2020.12.29"]

1. c4 {[%emt 0:00:07]} Nf6 {[%emt 0:00:05]} 2. g3 {[%emt 0:00:01]} e6 {[%emt
0:00:04]} 3. Bg2 {[%emt 0:00:00]} d5 {[%emt 0:00:03]} 4. Nf3 {[%emt 0:00:04]}
d4 {[%emt 0:00:17]} 5. e3 {[%emt 0:00:05]} c5 {[%emt 0:00:06]} 6. exd4 {[%emt
0:00:16]} cxd4 {[%emt 0:00:03]} 7. d3 {[%emt 0:00:09]} Nc6 {[%emt 0:00:04]} 8.
O-O {[%emt 0:00:07]} Bd6 {[%emt 0:00:50]} 9. Bg5 {[%emt 0:00:08]} h6 {[%emt
0:00:40]} 10. Bxf6 {[%emt 0:00:03]} Qxf6 {[%emt 0:00:00]} 11. Nbd2 {[%emt
0:00:01]} Bc7 {[%emt 0:00:04]} 12. Rb1 {[%emt 0:00:06]} a5 {[%emt 0:00:03]
Restarted W (13.22e) OK Restarted B (13.22e) OK Restarted W (13.22e) Restarted
B (13.22e) OK OK Karlsru1-002 reconnected.} 13. a3 {[%emt 0:02:20]} a4 { [%emt
0:00:14]} 14. Ne4 {[%emt 0:00:04]} Qe7 {[%emt 0:00:03]} 15. b4 {[%emt 0:00:58]}
axb3 {[%emt 0:00:04]} 16. Rxb3 {[%emt 0:00:03]} Rxa3 {[%emt 0:01:37]} 17. Ned2
{[%emt 0:01:49]} O-O {[%emt 0:00:25]} 18. Rxa3 {[%emt 0:00:09]} Qxa3 { [%emt
0:00:04]} 19. Qb3 {[%emt 0:00:02]} Qe7 {[%emt 0:00:47]} 20. Ra1 {[%emt
0:00:13]} e5 {[%emt 0:01:00]} 21. Ra8 {[%emt 0:00:27]} Ba5 {[%emt 0:01:06]} 22.
Qb5 {[%emt 0:00:17]} Bc3 {[%emt 0:01:02]} 23. Nb3 {[%emt 0:00:58]} e4 {[%emt
0:01:01]} 24. dxe4 {[%emt 0:00:24]} Qxe4 {[%emt 0:00:01]} 25. h3 {[%emt
0:00:13]} Qb1+ {[%emt 0:00:10]} 26. Kh2 {[%emt 0:00:04]} Qc2 {[%emt 0:00:02]}
27. Nc5 { [%emt 0:00:28]} Qxf2 {[%emt 0:00:35]} 28. Nxb7 {[%emt 0:00:02]} Ne7
{[%emt 0:00:15]} 29. Nd6 {[%emt 0:00:10]} d3 {[%emt 0:00:01]} 30. Qb3 {[%emt
0:00:30]} Be1 {[%emt 0:00:09]} 31. Nxe1 {[%emt 0:00:08]} Qxe1 {[%emt 0:00:07]}
32. Qxd3 { [%emt 0:00:03]} Qe5 {[%emt 0:00:00]} 33. Nxc8 {[%emt 0:00:12]} Nxc8
{[%emt 0:00:00]} 34. h4 {[%emt 0:00:13]} h5 {[%emt 0:00:03]} 35. Bd5 {[%emt
0:00:01]} Nd6 {[%emt 0:00:02]} 36. Rxf8+ {[%emt 0:00:02]} Kxf8 {[%emt 0:00:00]}
37. Qf3 { [%emt 0:00:01]} Nf5 {[%emt 0:00:01] Porz1-002 offers a draw} 1/2-1/2

[Event "DSJ Weihnachtsturnier U20 2020"]
[Site "https://play.chessbase.com/en/play?room=DSJWeihnachtU20"]
[Date "2020.12.29"]
[Round "3"]
[White "Gallasch, Jonas"]
[Black "Koll, Linus"]
[Result "1-0"]
[Termination "normal"]
[Board "3.3"]
[WhiteElo "2112"]
[BlackElo "1963"]
[WhiteTeam "Schachgemeinschaft Porz"]
[BlackTeam "Karlsruher SF 1853"]
[PlyCount "125"]
[WhiteFideId "16222474"]
[BlackFideId "12990299"]
[EventRounds "7"]
[EventType "team-swiss"]
[EventDate "2020.12.29"]

1. d4 {[%emt 0:00:03]} Nf6 {[%emt 0:00:02]} 2. c4 {[%emt 0:00:02]} g6 {[%emt
0:00:01]} 3. Nc3 {[%emt 0:00:08]} d5 {[%emt 0:00:03]} 4. Nf3 {[%emt 0:00:23]}
Bg7 {[%emt 0:00:02]} 5. Qb3 {[%emt 0:00:01]} c6 {[%emt 0:00:06]} 6. Bf4 {[%emt
0:00:09]} O-O {[%emt 0:00:04]} 7. e3 {[%emt 0:00:02]} Qa5 {[%emt 0:00:16]} 8.
cxd5 {[%emt 0:00:16]} Nxd5 {[%emt 0:00:15]} 9. Bg3 {[%emt 0:00:04]} Be6 { [%emt
0:00:49]} 10. Qc2 {[%emt 0:01:26]} c5 {[%emt 0:01:03]} 11. Be2 {[%emt 0:01:31]}
Nc6 {[%emt 0:00:13]} 12. O-O {[%emt 0:01:41]} cxd4 {[%emt 0:00:31]} 13. exd4
{[%emt 0:00:10]} Nxd4 {[%emt 0:01:56]} 14. Nxd4 {[%emt 0:00:05]} Bxd4 { [%emt
0:00:02]} 15. Nxd5 {[%emt 0:00:01]} Bxd5 {[%emt 0:00:06]} 16. Rfd1 { [%emt
0:00:19]} Bg7 {[%emt 0:00:16]} 17. Qd2 {[%emt 0:02:41]} Qxd2 {[%emt 0:00:41]}
18. Rxd2 {[%emt 0:00:00]} Bc6 {[%emt 0:00:13]} 19. Rad1 {[%emt 0:00:03]} e5
{[%emt 0:00:18]} 20. Bh4 {[%emt 0:00:51]} f6 {[%emt 0:00:14]} 21. Bc4+ { [%emt
0:00:08]} Kh8 {[%emt 0:00:02]} 22. f3 {[%emt 0:00:02]} h6 {[%emt 0:00:22] } 23.
Bf2 {[%emt 0:00:03]} f5 {[%emt 0:00:06]} 24. Bc5 {[%emt 0:00:04]} Rfb8 { [%emt
0:01:43]} 25. Bf7 {[%emt 0:00:15]} Bd7 {[%emt 0:00:13]} 26. Rxd7 { [%emt
0:00:02]} Rc8 {[%emt 0:00:14]} 27. Be3 {[%emt 0:00:04]} g5 {[%emt 0:00:07]} 28.
Bg6 {[%emt 0:00:02]} Rf8 {[%emt 0:00:07]} 29. Bc5 {[%emt 0:00:02]} Rfc8 {[%emt
0:00:02]} 30. Bb4 {[%emt 0:00:03]} a5 {[%emt 0:00:02]} 31. Bc3 { [%emt
0:00:01]} b5 {[%emt 0:00:06]} 32. a3 {[%emt 0:00:04]} b4 {[%emt 0:00:05]} 33.
axb4 {[%emt 0:00:01]} axb4 {[%emt 0:00:00]} 34. Bxb4 {[%emt 0:00:01]} e4 {
[%emt 0:00:07]} 35. fxe4 {[%emt 0:00:07]} fxe4 {[%emt 0:00:12]} 36. Bxe4 {
[%emt 0:00:02]} Ra4 {[%emt 0:00:01]} 37. Rd8+ {[%emt 0:00:04]} Rxd8 {[%emt
0:00:04]} 38. Rxd8+ {[%emt 0:00:00]} Bf8 {[%emt 0:00:02]} 39. Rxf8+ {[%emt
0:00:06]} Kg7 {[%emt 0:00:01]} 40. Rb8 {[%emt 0:00:00]} Kf6 {[%emt 0:00:03]}
41. Bc3+ {[%emt 0:00:03]} Ke6 {[%emt 0:00:02]} 42. Rb6+ {[%emt 0:00:01]} Kd7 {
[%emt 0:00:02]} 43. Bc6+ {[%emt 0:00:01]} Kc7 {[%emt 0:00:00]} 44. Bxa4 { [%emt
0:00:01]} Kxb6 {[%emt 0:00:01]} 45. Bg7 {[%emt 0:00:01]} h5 {[%emt 0:00:01]}
46. Be8 {[%emt 0:00:01]} h4 {[%emt 0:00:01]} 47. Bf6 {[%emt 0:00:01]} g4 {
[%emt 0:00:01]} 48. Bxh4 {[%emt 0:00:01]} Kc7 {[%emt 0:00:00]} 49. Bg3+ { [%emt
0:00:01]} Kd8 {[%emt 0:00:00]} 50. Bh5 {[%emt 0:00:01]} Ke7 {[%emt 0:00:01]}
51. Bxg4 {[%emt 0:00:00]} Kf6 {[%emt 0:00:01]} 52. b4 {[%emt 0:00:01]} Kg5
{[%emt 0:00:00]} 53. Bh3 {[%emt 0:00:01]} Kf6 {[%emt 0:00:00]} 54. b5 {[%emt
0:00:00]} Ke7 {[%emt 0:00:00]} 55. b6 {[%emt 0:00:01]} Kd8 {[%emt 0:00:00]} 56.
b7 {[%emt 0:00:01]} Ke7 {[%emt 0:00:01]} 57. b8=Q {[%emt 0:00:02]} Kf6 { [%emt
0:00:00]} 58. Qc7 {[%emt 0:00:02]} Kg5 {[%emt 0:00:00]} 59. Qe5+ { [%emt
0:00:05]} Kh6 {[%emt 0:00:01]} 60. Bf4+ {[%emt 0:00:01]} Kg6 {[%emt 0:00:04]}
61. Bf5+ {[%emt 0:00:01]} Kh5 {[%emt 0:00:00]} 62. g4+ {[%emt 0:00:02]} Kh4
{[%emt 0:00:01]} 63. Qh8# {[%emt 0:00:06]} 1-0

[Event "DSJ Weihnachtsturnier U20 2020"]
[Site "https://play.chessbase.com/en/play?room=DSJWeihnachtU20"]
[Date "2020.12.29"]
[Round "3"]
[White "Wang, Xinyuan"]
[Black "Fieberg, Samuel"]
[Result "1-0"]
[Termination "normal"]
[Board "3.4"]
[BlackTitle "FM"]
[WhiteElo "1759"]
[BlackElo "2180"]
[WhiteTeam "Karlsruher SF 1853"]
[BlackTeam "Schachgemeinschaft Porz"]
[PlyCount "87"]
[WhiteFideId "16221494"]
[BlackFideId "12901717"]
[EventRounds "7"]
[EventType "team-swiss"]
[EventDate "2020.12.29"]

1. d4 {[%emt 0:00:10]} d5 {[%emt 0:00:03]} 2. c4 {[%emt 0:00:01]} c6 {[%emt
0:00:01]} 3. Nc3 {[%emt 0:00:02]} Nf6 {[%emt 0:00:03]} 4. Nf3 {[%emt 0:00:01]}
e6 {[%emt 0:00:01]} 5. e3 {[%emt 0:00:05]} Nbd7 {[%emt 0:00:03]} 6. Bd3 {[%emt
0:00:03]} dxc4 {[%emt 0:00:04]} 7. Bxc4 {[%emt 0:00:02]} b5 {[%emt 0:00:01]} 8.
Bd3 {[%emt 0:00:01]} a6 {[%emt 0:00:02]} 9. O-O {[%emt 0:00:01]} Bb7 {[%emt
0:00:01]} 10. Re1 {[%emt 0:00:04]} c5 {[%emt 0:00:01]} 11. a3 {[%emt 0:00:03]}
Qb6 {[%emt 0:00:12]} 12. Bf1 {[%emt 0:00:20]} Rd8 {[%emt 0:00:34]} 13. Qe2 {
[%emt 0:01:15]} Be7 {[%emt 0:00:22]} 14. Bd2 {[%emt 0:00:01]} O-O {[%emt
0:00:02]} 15. Rad1 {[%emt 0:00:01]} Ne4 {[%emt 0:00:14]} 16. Nxe4 {[%emt
0:00:25]} Bxe4 {[%emt 0:00:00]} 17. Bc3 {[%emt 0:00:05]} c4 {[%emt 0:00:36]}
18. Nd2 { [%emt 0:00:31]} Nf6 {[%emt 0:00:11]} 19. f3 {[%emt 0:00:52]} Bb7
{[%emt 0:00:49]} 20. Kh1 {[%emt 0:00:08]} Nd5 {[%emt 0:00:04]} 21. Rc1 {[%emt
0:01:36]} Bh4 {[%emt 0:00:15]} 22. g3 {[%emt 0:00:47]} Bg5 {[%emt 0:00:13]} 23.
e4 {[%emt 0:00:02]} Nxc3 {[%emt 0:00:21]} 24. bxc3 {[%emt 0:00:13]} Qa5 {[%emt
0:01:15]} 25. f4 {[%emt 0:01:25]} Be7 {[%emt 0:00:05]} 26. Bg2 {[%emt 0:00:01]}
Qxa3 { [%emt 0:00:17]} 27. Nf3 {[%emt 0:00:52]} Qa5 {[%emt 0:00:33]} 28. Ne5
{[%emt 0:00:36]} Qc7 {[%emt 0:00:20]} 29. Rf1 {[%emt 0:00:07]} f6 {[%emt
0:00:33]} 30. Nf3 {[%emt 0:00:20]} Qc6 {[%emt 0:00:15]} 31. Nh4 {[%emt
0:00:05]} Qb6 { [%emt 0:00:21]} 32. f5 {[%emt 0:00:05]} e5 {[%emt 0:01:11]} 33.
d5 {[%emt 0:00:03]} Bc5 {[%emt 0:00:11]} 34. Qh5 {[%emt 0:00:07]} Bc8 {[%emt
0:00:31]} 35. g4 {[%emt 0:00:03]} Be3 {[%emt 0:00:04]} 36. Rce1 {[%emt
0:00:04]} Bd7 {[%emt 0:00:04]} 37. Rf3 {[%emt 0:00:05]} Be8 {[%emt 0:00:03]}
38. Ng6 {[%emt 0:00:04]} Bxg6 {[%emt 0:00:09]} 39. fxg6 {[%emt 0:00:00]} Bh6
{[%emt 0:00:01]} 40. gxh7+ {[%emt 0:00:08]} Kh8 {[%emt 0:00:04]} 41. Ref1
{[%emt 0:00:04]} Qd6 {[%emt 0:00:19]} 42. Qg6 {[%emt 0:00:05]} a5 {[%emt
0:00:15]} 43. g5 {[%emt 0:00:08]} Bxg5 {[%emt 0:00:08] Porz1-004 reconnected.}
44. Rh3 {[%emt 0:00:15] Arbiter Decision (ClaimWin Time Overstepped), result=2}
1-0

[Event "DSJ Weihnachtsturnier U20 2020"]
[Site "https://play.chessbase.com/en/play?room=DSJWeihnachtU20"]
[Date "2020.12.29"]
[Round "3"]
[White "Roseneck, Jonas"]
[Black "Gelman, Josef"]
[Result "0-1"]
[Termination "normal"]
[Board "4.1"]
[WhiteTitle "FM"]
[WhiteElo "2401"]
[BlackElo "2007"]
[WhiteTeam "SG Aufbau Elbe Magdeburg"]
[BlackTeam "SC Weisse Dame"]
[PlyCount "90"]
[WhiteFideId "12939870"]
[BlackFideId "12959642"]
[EventRounds "7"]
[EventType "team-swiss"]
[EventDate "2020.12.29"]

1. e4 {[%emt 0:00:01]} c6 {[%emt 0:00:03]} 2. d4 {[%emt 0:00:02]} d5 {[%emt
0:00:10]} 3. e5 {[%emt 0:00:01]} c5 {[%emt 0:00:02]} 4. dxc5 {[%emt 0:00:02]}
e6 {[%emt 0:00:03]} 5. a3 {[%emt 0:00:21]} Bxc5 {[%emt 0:00:04]} 6. b4 {[%emt
0:00:05]} Bb6 {[%emt 0:00:02]} 7. Nf3 {[%emt 0:00:01]} Ne7 {[%emt 0:00:16]} 8.
Bd3 {[%emt 0:00:06]} Nf5 {[%emt 0:00:03]} 9. Bb2 {[%emt 0:00:21]} O-O {[%emt
0:00:07]} 10. O-O {[%emt 0:00:02]} a5 {[%emt 0:00:21]} 11. b5 {[%emt 0:00:13]}
Nd7 {[%emt 0:00:10]} 12. Bxf5 {[%emt 0:00:12]} exf5 {[%emt 0:00:04]} 13. Qxd5 {
[%emt 0:00:00]} Nc5 {[%emt 0:00:06]} 14. Qxd8 {[%emt 0:00:08]} Rxd8 {[%emt
0:00:05]} 15. Nbd2 {[%emt 0:00:02]} Be6 {[%emt 0:00:05]} 16. Rad1 {[%emt
0:00:25] } Rac8 {[%emt 0:00:22]} 17. Bd4 {[%emt 0:00:19]} h6 {[%emt 0:00:48]}
18. Nb3 { [%emt 0:00:22]} Nxb3 {[%emt 0:00:20]} 19. Bxb6 {[%emt 0:00:05]} Rxd1
{[%emt 0:00:02]} 20. Rxd1 {[%emt 0:00:01]} Rxc2 {[%emt 0:00:01]} 21. h3 {[%emt
0:00:22]} Ra2 {[%emt 0:00:16]} 22. Rd8+ {[%emt 0:00:39]} Kh7 {[%emt 0:00:03]}
23. Rb8 { [%emt 0:00:52]} Bd5 {[%emt 0:00:15]} 24. Nh4 {[%emt 0:00:02]} Rxa3
{[%emt 0:00:23]} 25. Nxf5 {[%emt 0:00:07]} Ra1+ {[%emt 0:00:03]} 26. Kh2 {[%emt
0:00:03]} Nd2 {[%emt 0:01:38]} 27. h4 {[%emt 0:02:15]} Nf1+ {[%emt 0:00:47]}
28. Kh3 { [%emt 0:00:02]} Rb1 {[%emt 0:01:32]} 29. Nd4 {[%emt 0:02:35]} a4
{[%emt 0:00:14]} 30. Rd8 {[%emt 0:00:02]} Bc4 {[%emt 0:00:20]} 31. Rd7 {[%emt
0:00:21]} a3 {[%emt 0:00:10]} 32. e6 {[%emt 0:00:06]} fxe6 {[%emt 0:00:39]} 33.
Nc2 { [%emt 0:00:16]} e5 {[%emt 0:00:03]} 34. Rc7 {[%emt 0:00:14]} Be6+ {[%emt
0:00:07]} 35. g4 {[%emt 0:00:07]} a2 {[%emt 0:00:10]} 36. Ba5 {[%emt 0:00:16]}
a1=Q {[%emt 0:00:14]} 37. Nxa1 {[%emt 0:00:02]} Rxa1 {[%emt 0:00:02]} 38. Bc3 {
[%emt 0:00:00]} Ra4 {[%emt 0:00:33]} 39. Kg2 {[%emt 0:00:03]} Rc4 {[%emt
0:00:24]} 40. Bxe5 {[%emt 0:00:02]} Rxc7 {[%emt 0:00:02]} 41. Bxc7 {[%emt
0:00:00]} Nd2 {[%emt 0:00:01]} 42. Be5 {[%emt 0:00:01]} Nc4 {[%emt 0:00:01]}
43. Bd4 { [%emt 0:00:01]} Bxg4 {[%emt 0:00:02]} 44. Kg3 {[%emt 0:00:01]} Bd7
{[%emt 0:00:01]} 45. Kf4 {[%emt 0:00:01]} Bxb5 {[%emt 0:00:02] Elbe-MD001 gibt
auf} 0-1